000 00472nam a2200181Ia 4500
001 11185
005 20260306161927.0
008 260306t2021||||xx |||||||||||||| ||spa||
041 _aESP
082 _a985.01
_bZ47
100 _aZavala Concha, Enrique
_eAUT
245 0 _aLa niña de los 500 años:
_breportaje a Juanita y a su otro descubridor
260 _c2021
300 _a238 páginas :
_c23 cm.
650 _aGEN
654 _aCHU
942 _cLIB
_dJUS
_fJUS
_2ddc
_n
999 _c11185
_d11185